[Event "1st It"]
[Site "Asuncion PAR"]
[Date "2002.04.19"]
[Round "11"]
[White "Peralta,E"]
[Black "Franco Ocampos,Z"]
[Result "1/2-1/2"]
[WhiteElo "2302"]
[BlackElo "2510"]

1.e4 c5 2.Nf3 Nc6 3.Nc3 e6 4.d4 cxd4 5.Nxd4 Qc7 6.g3 d6 7.Bg2 Nxd4 8.Qxd4 Bd7
9.O-O Nf6 10.b3 Be7 11.Bb2 O-O 12.h3 Bc6 13.Rad1 b5 14.Rd2 Qb7 15.Re1 Rfd8
16.Rde2 Bf8 17.a3 a5 18.Nd1 b4 19.a4 Rac8 20.Qe3 Be7 21.Kh2 Rd7 22.f4 Rcd8
23.Nf2 d5 24.Bxf6 Bxf6 25.Nd3  1/2-1/2

[Event "Open"]
[Site "Dubai UAE"]
[Date "2002.04.19"]
[Round "5"]
[White "Guseinov,K"]
[Black "Mehyo,A"]
[Result "1-0"]
[WhiteElo "2527"]
[BlackElo "2341"]

1.e4 c5 2.Nf3 Nc6 3.Nc3 e6 4.d4 cxd4 5.Nxd4 Qc7 6.g3 a6 7.Bg2 Nf6 8.O-O Nxd4
9.Qxd4 Bc5 10.Bf4 d6 11.Qd2 h6 12.Rad1 e5 13.Be3 Be6 14.Bxc5 dxc5 15.f4 O-O
16.Nd5 Bxd5 17.exd5 Qd6 18.fxe5 Qxe5 19.c4 Qd6 20.Qf4 Rad8 21.Rfe1 Qxf4 22.gxf4 Ne8
23.b4 b6 24.bxc5 bxc5 25.Re7 Nd6 26.Bf1 Nf5 27.Rc7 Rc8 28.Rxc8 Rxc8 29.Bh3 g6
30.Bxf5 gxf5 31.d6 Rd8 32.d7 Kf8 33.Kg2 Ke7 34.Kh3 Kf6 35.Kh4 a5 36.a4 Ke7
37.Kh5 Kf6 38.h4 Kg7 39.Rd6 Kh7 40.Rxh6+ Kg7 41.Kg5 Rxd7 42.Rc6 Rb7 43.Rxc5 Rb4
44.Rxa5 Rxc4 45.h5 Rc6 46.Rxf5 Rc1 47.h6+ Kg8 48.Rf6 Rc5+ 49.Rf5 Rc1 50.Ra5 Rg1+
51.Kf5 Rh1 52.Ra6 Rh5+ 53.Kg4 Rc5 54.f5 f6 55.Kh5 Rxf5+ 56.Kg6 Rg5+ 57.Kxf6 Rg1
58.Ke7 Ra1 59.Kd7 Kh7 60.a5 Ra2 61.Kc7 Ra1 62.Ra8 Kxh6 63.a6 Kg7 64.Kb6 Rb1+
65.Ka7  1-0

[Event "XX Open"]
[Site "Metz FRA"]
[Date "2002.04.19"]
[Round "7"]
[White "Shchekachev,A"]
[Black "Bagaturov,G"]
[Result "1/2-1/2"]
[WhiteElo "2573"]
[BlackElo "2445"]

1.e4 c5 2.Nf3 e6 3.d4 cxd4 4.Nxd4 Nc6 5.Nc3 Nf6 6.Ndb5 Bb4 7.a3 Bxc3+ 8.Nxc3 d5
9.Bd3 dxe4 10.Nxe4 Nxe4 11.Bxe4 Qxd1+ 12.Kxd1 e5 13.Be3 Be6 14.b4 f5 15.Bxc6+ bxc6
16.Re1 Kf7 17.Kc1 Rhd8 18.Bd2 Rd5 19.c4 Rd4 20.Rxe5 Rxc4+ 21.Kb2 Rd8 22.Bc3 Re4
23.Rxe4 fxe4 24.Re1 Bf5 25.Re3 Rd7 26.f3 Rd3 27.Rxd3 exd3 28.g4 Be6 29.Bd4 a6
30.Kc3 Bd5 31.Kxd3 Bxf3 32.g5 g6 33.Kc4 Ke6 34.Kc5 Kd7  1/2-1/2

[Event "XX Open"]
[Site "Metz FRA"]
[Date "2002.04.21"]
[Round "9"]
[White "Zelcic,R"]
[Black "Jaracz,P"]
[Result "1-0"]
[WhiteElo "2544"]
[BlackElo "2513"]

1.e4 c5 2.Nf3 e6 3.d4 cxd4 4.Nxd4 Nc6 5.Nc3 Qc7 6.Be2 a6 7.O-O Nf6 8.Be3 Be7
9.f4 d6 10.Kh1 O-O 11.Qe1 Na5 12.a4 Nc4 13.Bc1 b6 14.b3 Na5 15.Ba3 Bb7 16.Bd3 Rac8
17.Nd1 Nc6 18.Nf3 e5 19.Ne3 exf4 20.Nf5 Nh5 21.Qe2 Rfe8 22.Bxa6 Bxa6 23.Qxa6 Bf8
24.Rad1 Rcd8 25.Qc4 Nf6 26.N3d4 Rc8 27.Nb5 Qd7 28.Nbxd6 Nxe4 29.Nxe8 Qxf5
30.Bxf8 Ne5 31.Nxg7 Nxc4 32.Nxf5 Ne3 33.Nxe3 fxe3 34.Rde1  1-0

[Event "Open"]
[Site "Dubai UAE"]
[Date "2002.04.22"]
[Round "6"]
[White "Vokarev,S"]
[Black "Kotsur,P"]
[Result "0-1"]
[WhiteElo "2507"]
[BlackElo "2578"]

1.e4 c5 2.Nf3 Nc6 3.d4 cxd4 4.Nxd4 e6 5.Nc3 a6 6.Be3 Qc7 7.Qd2 Nf6 8.f3 Bb4
9.O-O-O Ne7 10.Nde2 d5 11.a3 Ba5 12.b4 Bb6 13.Bxb6 Qxb6 14.e5 Nd7 15.f4 f6
16.exf6 Nxf6 17.Nd4 O-O 18.Nb3 Nf5 19.Bd3 Nd6 20.Rhe1 Qc7 21.g3 Re8 22.Re2 Bd7
23.Rde1 a5 24.Nxa5 b6 25.Nb3 Rxa3 26.Kb2 Rea8 27.Ra1 Qa7 28.Rb1 Nc4+ 29.Bxc4 dxc4
30.Nd4 Nd5 31.Nxd5 exd5 32.Kc1 Ra1 33.Qc3 Rxb1+ 34.Kxb1 Qa2+ 35.Kc1 Ra3 36.Re8+ Kf7
37.Re7+ Kxe7 38.Nc6+ Kf7  0-1

[Event "Open"]
[Site "Dubai UAE"]
[Date "2002.04.22"]
[Round "6"]
[White "Gadjily,R"]
[Black "Sveshnikov,E"]
[Result "0-1"]
[WhiteElo "2418"]
[BlackElo "2565"]

1.e4 c5 2.Nf3 Nc6 3.Nc3 e6 4.d4 cxd4 5.Nxd4 Nf6 6.Ndb5 d6 7.Bf4 e5 8.Bg5 a6
9.Na3 Be6 10.Nc4 Rc8 11.Nd5 Bxd5 12.exd5 Ne7 13.Bxf6 gxf6 14.Qf3 f5 15.O-O-O Bg7
16.Kb1 O-O 17.g4 fxg4 18.Qxg4 f5 19.Qg5 Rf6 20.Be2 b5 21.Ne3 Rg6 22.Qh5 Qf8
23.c3 Qf6 24.Nc2 Rc5 25.Nb4 e4 26.Qh3 a5 27.Na6 Rxd5 28.Rxd5 Nxd5 29.Bxb5 Kh8
30.Rd1 Rh6 31.Qg3 f4 32.Qg4 Nxc3+ 33.bxc3 Qxc3 34.Rd2 Rg6  0-1

[Event "ch-YUG w"]
[Site "Kotor YUG"]
[Date "2002.04.24"]
[Round "11"]
[White "Mijovic,A"]
[Black "Urosevic,M"]
[Result "1/2-1/2"]
[WhiteElo "2123"]
[BlackElo "2045"]

1.e4 c5 2.Nf3 e6 3.d4 cxd4 4.Nxd4 Nc6 5.Nc3 Qc7 6.Be2 a6 7.O-O Nf6 8.Be3 Bb4
9.Na4 O-O 10.Nxc6 bxc6 11.c4 Be7 12.Bf3 d6 13.c5 d5 14.Nb6 Rb8 15.Qa4 Bb7
16.e5 Nd7 17.Nxd7 Qxd7 18.Bd4 Bc8 19.Be2 Qb7 20.a3 Ra8 21.f4 f5 22.exf6 Bxf6
23.Rf3 Rb8 24.Bxf6 Rxf6 25.b4 Qc7 26.Raf1 Bb7 27.Qd1 a5 28.Qd4 axb4 29.axb4 Ra8
30.g3 Ra2 31.R1f2 Ba6 32.Bd1 Rxf2 33.Rxf2 Bc4 34.Qe5 Qxe5 35.fxe5 Rxf2 36.Kxf2 Bb5  1/2-1/2

[Event "VIII Leonardo di Bona Open"]
[Site "Cutro ITA"]
[Date "2002.04.25"]
[Round "2"]
[White "Zelcic,R"]
[Black "Ivanov,J"]
[Result "1/2-1/2"]
[WhiteElo "2547"]
[BlackElo "2411"]

1.e4 c5 2.Nf3 Nc6 3.d4 cxd4 4.Nxd4 e6 5.Nc3 Qc7 6.Be2 a6 7.O-O Nf6 8.Be3 Be7
9.f4 d6 10.Kh1 O-O 11.Qe1 Nxd4 12.Bxd4 b5 13.a3 Bb7 14.Qg3 Bc6 15.Rad1 Rad8
16.Rfe1 Qb7 17.Bf3 a5 18.Nd5 Ne8 19.b4 axb4 20.axb4 Ra8 21.Nxe7+ Qxe7 22.e5 Rc8
23.f5 Bxf3 24.f6 Qb7 25.fxg7 Nxg7 26.gxf3 Kh8 27.exd6 f6 28.Bc5 Rg8 29.Qh3 Rcd8
30.Ra1 Qc6 31.Ra7 Rd7 32.Rxd7 Qxd7 33.Qh6 Qf7 34.Rg1 Rd8 35.Qf4 Nf5 36.Qe4 Qd7
37.Re1 e5 38.Qd3 Rg8 39.Rg1 Re8 40.Qe4 Rc8 41.Qg4 Qe6 42.Rd1 Qd7 43.Ra1 Rg8
44.Qh5 Rg5 45.Ra8+ Kg7 46.Qe8 Ng3+ 47.Kg2 Ne4+ 48.Kf1 Qh3+ 49.Ke2 Nc3+ 50.Ke3 Nd5+
51.Kd2 Rg2+ 52.Ke1 Rxh2 53.Ra7+ Kh6 54.Qf8+ Kg5 55.Qg7+ Kf4 56.Qg4+ Qxg4
57.fxg4 Rh1+ 58.Kf2 Rh2+ 59.Kg1 Rd2 60.d7 Nc3 61.Bb6 Rd1+ 62.Kg2 Rd2+ 63.Kg1 Rd1+
64.Kg2 Rd2+  1/2-1/2

[Event "Open"]
[Site "Dubai UAE"]
[Date "2002.04.25"]
[Round "9"]
[White "Guseinov,K"]
[Black "Tregubov,P"]
[Result "1-0"]
[WhiteElo "2510"]
[BlackElo "2627"]

1.e4 c5 2.Nf3 e6 3.d4 cxd4 4.Nxd4 Nc6 5.Nc3 a6 6.g3 d6 7.Bg2 Bd7 8.O-O Nf6
9.Nxc6 Bxc6 10.a4 Be7 11.a5 O-O 12.Be3 Nd7 13.Na4 f5 14.Nb6 Nxb6 15.Bxb6 Qd7
16.Re1 fxe4 17.Bxe4 Bxe4 18.Rxe4 d5 19.c4 Rac8 20.cxd5 exd5 21.Re5 d4 22.Qb3+ Kh8
23.Qd5 Qxd5 24.Rxd5 Bf6 25.Rd1 Rc2 26.Bc5 Re8 27.b4 h6 28.Bxd4 Bxd4 29.R5xd4 Rf8
30.R1d2 Rc1+ 31.Kg2 Rb1 32.Rd8 Kg8 33.R2d4 Rb2 34.Rxf8+ Kxf8 35.Re4 Kg8 36.h4 Kh7
37.h5 Rb3 38.f4 Rb2+ 39.Kf3 Rb3+ 40.Kg4 Kg8 41.Kh4 Kh7 42.Kh3 Kg8 43.Rd4 Kh7
44.Kg4 Kg8 45.Kf5 Rxg3 46.Rd8+ Kh7 47.Rd7 Rb3 48.Rxb7 Rh3 49.Rb6 Rxh5+ 50.Ke6  1-0

[Event "Bundesliga 2001-2"]
[Site "Hamburg GER"]
[Date "2002.04.27"]
[Round "14"]
[White "Nunn,J"]
[Black "Borriss,M"]
[Result "1-0"]
[WhiteElo "2595"]
[BlackElo "2437"]

1.e4 c5 2.Nf3 e6 3.d4 cxd4 4.Nxd4 Nc6 5.Nc3 Qc7 6.g3 d6 7.Bg2 Bd7 8.Ndb5 Qb8
9.Bf4 Ne5 10.Qd4 a6 11.Nxd6+ Bxd6 12.O-O-O g5 13.Bxe5 Bxe5 14.Qxd7+ Kf8 15.Ne2 Nf6
16.Qd2 Rg8 17.f4 gxf4 18.Nxf4 Qc7 19.Rhf1 Rc8 20.Nd3 Kg7 21.c3 h6 22.Kb1 Rgd8
23.Qe3 a5 24.h3 Nd7 25.Qf3 Nf8 26.h4 Bxg3 27.Qf6+ Kg8 28.Qxh6 Be5 29.Bh3 Nh7
30.Bxe6 Bg7 31.Rxf7 Qxf7 32.Bxf7+  1-0

[Event "TUR-BUL Chess Summit"]
[Site "Istanbul TUR"]
[Date "2002.04.29"]
[Round "10"]
[White "Erdogdu,M"]
[Black "Andonov,B"]
[Result "0-1"]
[WhiteElo "2295"]
[BlackElo "2364"]

1.e4 c5 2.Nf3 Nc6 3.d4 cxd4 4.Nxd4 e6 5.Nc3 Qc7 6.Be3 a6 7.Qd2 Nf6 8.O-O-O Bb4
9.f3 Ne5 10.Nb3 d5 11.Bd4 O-O 12.a3 Bd6 13.Qe1 dxe4 14.Nxe4 Nxe4 15.Qxe4 f5
16.Qe1 b5 17.Bc3 Nc4 18.Kb1 Nb6 19.Bd3 Nd5 20.Ba5 Qf7 21.g4 Bb7 22.gxf5 exf5
23.Nd4 Rae8 24.Qh4 Bc8 25.Bd2 Ne3 26.Rde1 Ng2 27.Qh3 Nxe1 28.Bxe1 Qf6 29.Nc6 Bc5
30.Nb4 Bd4 31.Nd5 Qd6 32.Nc3 Rxe1+ 33.Rxe1 Bxc3 34.bxc3 Qxa3 35.Qh4 Qxc3
36.Re7 Qf6 37.Qb4 Be6 38.Ra7 Bd5 39.f4 Be4 40.Bxe4 fxe4 41.Qxe4 Qxf4 42.Qd5+ Kh8
43.Rxa6 h6 44.Qxb5 Qxh2 45.Rb6 Ra8 46.Kb2 Qg3 47.Ra6 Rb8 48.Rb6 Rd8 49.Re6 Qb8
50.c4 Qh2+ 51.Kc1 Qd2+ 52.Kb1 Qd1+ 53.Ka2 Rd2+ 54.Ka3 Qa1+ 55.Kb4 Rb2+ 56.Kc5 Qa3+
57.Kc6 Qa8+ 58.Kc5 Rxb5+ 59.cxb5 Qc8+ 60.Rc6 Qf5+ 61.Kc4 Qc2+ 62.Kb4 Qb2+
63.Kc4 Qe2+ 64.Kb4 Qe4+ 65.Kc5 Qe3+ 66.Kc4 Qe4+ 67.Kc5 Qe7+ 68.Kc4 Qd7 69.Kc5 Qf5+
70.Kc4 h5 71.b6 h4 72.b7 Qf7+ 73.Kd4  0-1

[Event "14th Open"]
[Site "Lenk SUI"]
[Date "2002.04.31"]
[Round "5"]
[White "Vogt,L"]
[Black "Gheorghiu,F"]
[Result "1-0"]
[WhiteElo "2456"]
[BlackElo "2454"]

1.e4 c5 2.Nf3 e6 3.d4 cxd4 4.Nxd4 Nc6 5.Nc3 Qc7 6.g3 a6 7.Bg2 d6 8.O-O Bd7
9.Re1 Be7 10.Nxc6 Bxc6 11.a4 Nf6 12.Be3 b6 13.Qd4 Rb8 14.Qc4 Qb7 15.b4 b5
16.axb5 axb5 17.Qd3 Nd7 18.Ra7 Qc8 19.Bf4 Ne5 20.Qd4 Bd7 21.Bxe5 dxe5 22.Qxe5 Bf6
23.Qd6 Bxc3 24.Re3 Be5 25.Qxe5 O-O 26.Rc3 Qe8 27.Rcc7 Bc6 28.Bf1 Ra8 29.Bd3 Qb8
30.Qc5 Rxa7 31.Qxa7 Qxa7 32.Rxa7 Rb8 33.f4 Kf8 34.Rc7 Rb6 35.Kf2 Be8 36.Ke3 f6
37.Kd4 Rb8 38.Kc5 Kg8 39.Ra7 Kf8 40.Kd6 Rd8+ 41.Kc5 Rc8+ 42.Kb6 Rd8 43.Rb7 Rc8
44.Ka7 g5 45.Rb8 Rc7+ 46.Kb6  1-0

[Event "Kuban Spring"]
[Site "Krasnodar RUS"]
[Date "2002.04.??"]
[Round "?"]
[White "Tseshkovsky,V"]
[Black "Panarin,M"]
[Result "0-1"]
[WhiteElo "2554"]
[BlackElo "2426"]

1.e4 c5 2.Nf3 e6 3.Nc3 Nc6 4.d4 cxd4 5.Nxd4 Qc7 6.Be3 a6 7.Bd3 Nf6 8.O-O Bd6
9.Nxc6 bxc6 10.f4 e5 11.f5 Be7 12.Qf3 Bb7 13.Na4 d5 14.Bb6 Qb8 15.c4 dxc4
16.Bxc4 c5 17.Qb3 O-O 18.Nxc5 Nxe4 19.Nd7 Nd2 20.Qg3 Nxf1 21.Rxf1 Qd6 22.f6 Bxf6
23.Nxf6+ Kh8 24.Qf2 Qxf6 25.Qxf6 gxf6 26.Rxf6 Rfc8 27.b3 Rc6 28.Rxc6 Bxc6
29.Bxf7 Kg7 30.Bh5 Kf6 31.Kf2 Bd5 32.Bd1 Rc8 33.Be3 Be4 34.h4 Bb1 35.a3 Bc2
36.Be2 Bxb3 37.Bg5+ Kg7 38.Bxa6 Ra8 39.Be2 Rxa3 40.Bf3 Bc2 41.h5 Ra1 42.g4 Bd1
43.Bxd1 Rxd1 44.Kf3 Kf7 45.Ke4 Ke6 46.Be3 Ra1 47.Bh6 Rg1 48.Kf3 Kd5 49.Bd2 Rf1+
50.Ke2 Rf8 51.Bh6 Rg8 52.Kf3 Kd4 53.Bc1 Rf8+ 54.Kg3 e4 55.Kh4 e3 56.Kg5 e2
57.Bd2 Kd3 58.Be1 Rf1  0-1

[Event "Kuban Spring"]
[Site "Krasnodar RUS"]
[Date "2002.04.??"]
[Round "?"]
[White "Stambulian,A"]
[Black "Poluljahov,A"]
[Result "1/2-1/2"]
[WhiteElo "2411"]
[BlackElo "2533"]

1.e4 c5 2.Nf3 e6 3.d4 cxd4 4.Nxd4 Nc6 5.Nc3 Qc7 6.Be3 a6 7.Be2 Nf6 8.O-O Be7
9.f4 d6 10.a4 O-O 11.Kh1 Re8 12.Bf3 Bd7 13.Qd2 Rab8 14.Qf2 Nxd4 15.Bxd4 Bc6
16.f5 Nd7 17.fxe6 fxe6 18.Nd5 exd5 19.exd5 Bf6 20.Bxf6 Nxf6 21.dxc6 bxc6
22.b3 Re5 23.Rad1 a5 24.Qd4 d5 25.Rfe1 Rbe8 26.Rxe5 Rxe5 27.Qc5 Nd7 28.Qc3 Qb6
29.Rf1 Qc5 30.Qxc5 Nxc5 31.Kg1 Re3 32.c4 Rd3 33.cxd5 cxd5 34.Re1 d4 35.Re5 Rc3
36.Bd5+ Kf8 37.Bc4 Nxb3  1/2-1/2

[Event "3rd Open"]
[Site "Backa Palanka YUG"]
[Date "2002.05.04"]
[Round "3"]
[White "Petkovic,R"]
[Black "Kozakov,M"]
[Result "0-1"]
[WhiteElo "2296"]
[BlackElo "2448"]

1.e4 c5 2.Nf3 Nc6 3.d4 cxd4 4.Nxd4 e6 5.Nc3 Qc7 6.g3 a6 7.Bg2 d6 8.O-O Nxd4
9.Qxd4 Ne7 10.b3 Nc6 11.Qd2 Be7 12.Bb2 O-O 13.Ne2 b5 14.f4 Re8 15.Kh1 Bf8
16.f5 Bb7 17.Nf4 Ne5 18.Rae1 Rac8 19.fxe6 fxe6 20.Re2 Bc6 21.Bh3 Qb7 22.Qe3 Bd7
23.Rd1 Nf7 24.Bg2 Bc6 25.Nd3 d5 26.e5 d4 27.Bxd4 Bxg2+ 28.Rxg2 Rxc2 29.Rd2 Rxd2
30.Qxd2 Rd8 31.Nf4 Ng5 32.Qe3 Bc5 33.Bxc5 Rd1+ 34.Qg1 Rxg1+ 35.Bxg1 Nf3 36.Re2 g5
37.Ng2 Qd5  0-1

[Event "3rd Open"]
[Site "Backa Palanka YUG"]
[Date "2002.05.07"]
[Round "6"]
[White "Weinzettl,E"]
[Black "Rajkovic,Du"]
[Result "0-1"]
[WhiteElo "2397"]
[BlackElo "2501"]

1.e4 c5 2.Nf3 e6 3.d4 cxd4 4.Nxd4 Nc6 5.Nc3 Qc7 6.f4 a6 7.Nxc6 Qxc6 8.Bd3 b5
9.Qe2 Bb7 10.Bd2 Qc7 11.O-O b4 12.Nd1 Nf6 13.a3 bxa3 14.bxa3 d6 15.Kh1 Be7
16.Rf3 O-O 17.Rh3 e5 18.Ne3 Bc8 19.fxe5 Bxh3 20.exf6 Bxf6 21.Nd5 Qd8 22.Rf1 Be6
23.Nxf6+ gxf6 24.Bc3 Qb6 25.Qh5 Rfc8 26.Bxf6 Kf8 27.Qxh7 Ke8 28.e5 dxe5 29.Bxe5 Qc5
30.Bf6 Kd7 31.Be4 Rab8 32.Rd1+ Kc7 33.Qg7 Rg8 34.Be5+ Kb6 35.Rb1+ Ka5 36.Bc3+ Ka4
37.Rxb8 Rxg7 38.Bxg7 Qg5 39.Bc6+ Kxa3 40.Bf8+ Ka2  0-1

[Event "Capablanca Mem Premier II"]
[Site "Havana CUB"]
[Date "2002.05.07"]
[Round "2"]
[White "De la Paz,F"]
[Black "Vazquez,R"]
[Result "1-0"]
[WhiteElo "2427"]
[BlackElo "2442"]

1.e4 c5 2.Nf3 e6 3.d4 cxd4 4.Nxd4 Nc6 5.Nc3 a6 6.Be3 Qc7 7.Bd3 Nf6 8.O-O d6
9.f4 Be7 10.Kh1 O-O 11.Qf3 Re8 12.Rae1 Nd7 13.e5 g6 14.Qh3 Nc5 15.Nxc6 Qxc6
16.Bxc5 dxc5 17.Ne4 c4 18.Qh6 Kh8 19.Ng5 Bxg5 20.fxg5  1-0

[Event "Capablanca Mem Elite"]
[Site "Havana CUB"]
[Date "2002.05.07"]
[Round "2"]
[White "Morovic Fernandez,I"]
[Black "Zapata,A"]
[Result "1-0"]
[WhiteElo "2556"]
[BlackElo "2541"]

1.e4 c5 2.Nf3 e6 3.d4 cxd4 4.Nxd4 Nc6 5.Nc3 Qc7 6.Be2 a6 7.O-O Nf6 8.Be3 Bb4
9.Na4 Be7 10.Nxc6 bxc6 11.Nb6 Rb8 12.Nxc8 Qxc8 13.Bd4 c5 14.Be5 Rb6 15.Qd3 O-O
16.b3 Ne8 17.Rad1 d6 18.Bb2 Bf6 19.Bc1 Nc7 20.a4 d5 21.Bf3 Rd8 22.Qe2 g6
23.Ba3 Rc6 24.c4 Rb6 25.cxd5 exd5 26.exd5 Bd4 27.Qc2 Qb8 28.Bxc5 Bxc5 29.Qxc5 Rxb3
30.h3 Qb6 31.Qc6 Rd6 32.a5 Qxc6 33.dxc6 Rbd3 34.Rxd3 Rxd3 35.Rb1 Rd8 36.Rb7 Rc8
37.Ra7 Kf8 38.Be2 Nd5 39.Bc4 Ne7 40.Bxa6 Rxc6 41.Bb7 Rc1+ 42.Kh2 Ra1 43.a6 f5
44.f4 Ra3 45.Bf3 h6 46.h4 Ra4 47.Kg1 Ra2 48.Kf1 Ke8 49.Be2 Nd5 50.Bb5+ Kf8
51.Rb7 Nc3 52.Bd3 Nd5 53.a7 Ne3+ 54.Kg1 Nxg2 55.Bc4 Rxa7 56.Rxa7 Nxf4 57.Kf2  1-0

[Event "Mitropa Cup"]
[Site "Leipzig GER"]
[Date "2002.05.07"]
[Round "5"]
[White "Gross,Dav CZE"]
[Black "Lutz,C"]
[Result "1/2-1/2"]
[WhiteElo "2470"]
[BlackElo "2644"]

1.e4 c5 2.Nf3 e6 3.d4 cxd4 4.Nxd4 Nc6 5.Nc3 Qc7 6.f4 Nxd4 7.Qxd4 a6 8.Be3 b5
9.O-O-O Bb7 10.Bd3 Rc8 11.Rhe1 Ne7 12.Qb6 Qxb6 13.Bxb6 Ng6 14.g3 Bb4 15.h4 f6
16.h5 Ne7 17.h6 g6 18.g4 Rf8 19.Re3 Bxc3 20.bxc3 e5 21.Rf1 Rc6 22.Ba5 exf4
23.Rxf4 Re6 24.Bb4 Rf7 25.c4 Nc6 26.Bd2 Ne5 27.cxb5 Nxd3+ 28.cxd3 axb5 29.Ref3 d5
30.Bc3 dxe4 31.dxe4 Bxe4 32.Rxf6 Rfxf6 33.Rxf6 Rxf6 34.Bxf6  1/2-1/2

[Event "3rd Open"]
[Site "Backa Palanka YUG"]
[Date "2002.05.08"]
[Round "7"]
[White "Andrijevic,M"]
[Black "Kozakov,M"]
[Result "1-0"]
[WhiteElo "2368"]
[BlackElo "2448"]

1.e4 c5 2.Nf3 Nc6 3.d4 cxd4 4.Nxd4 e6 5.Nc3 Qc7 6.Be2 a6 7.O-O Nf6 8.Kh1 Nxd4
9.Qxd4 Bc5 10.Qd3 O-O 11.f4 b5 12.e5 Ne8 13.Bf3 Bb7 14.Bxb7 Qxb7 15.f5 f6
16.Bf4 Rc8 17.Bg3 Qc6 18.Rad1 Rf7 19.Ne4 Bf8 20.c3 Qc4 21.exf6 Qxd3 22.Rxd3 gxf6
23.Nd6 Bxd6 24.Bxd6 e5 25.Rfd1 h5 26.Bb4 Rc7 27.Ba5 Rb7 28.g3 Kh7 29.Kg2 Ng7
30.Rf1 d5 31.Rxd5 Rbd7 32.Rxd7 Rxd7 33.c4 bxc4 34.h3 e4 35.g4 Kh6 36.Re1 hxg4
37.hxg4 e3 38.Rxe3 Rd4 39.Kh3 Rd3 40.Rxd3 cxd3 41.Bd2+ Kh7 42.Kg3 Ne8 43.Kf3 Nd6
44.Bc3 Kg7 45.Ke3 Nf7 46.Kxd3 Nh6 47.g5 Nxf5 48.gxf6+ Kf7 49.Kc4  1-0

[Event "Oceana zt"]
[Site "Warwick Fiji FIJ"]
[Date "2002.05.08"]
[Round "5"]
[White "Canfell,G"]
[Black "Johansen,D"]
[Result "0-1"]
[WhiteElo "2334"]
[BlackElo "2531"]

1.e4 c5 2.Nf3 Nc6 3.d4 cxd4 4.Nxd4 e6 5.Nc3 d6 6.Be3 Nf6 7.f4 e5 8.Nf5 Nxe4
9.Nxg7+ Bxg7 10.Nxe4 d5 11.Ng5 exf4 12.Bxf4 Qf6 13.Bd2 O-O 14.Qh5 Re8+ 15.Kd1 Bf5
16.Bd3 Bxd3 17.cxd3 h6 18.Nf3 Qxb2 19.Rc1 Qxa2 20.Qg4 Qb3+ 21.Rc2 Qxd3  0-1

[Event "3rd Open"]
[Site "Backa Palanka YUG"]
[Date "2002.05.09"]
[Round "8"]
[White "Zlatic,M"]
[Black "Andrijevic,M"]
[Result "1/2-1/2"]
[WhiteElo "2356"]
[BlackElo "2368"]

1.e4 c5 2.Nf3 Nc6 3.d4 cxd4 4.Nxd4 e6 5.Nc3 Qc7 6.g3 a6 7.Bg2 Nf6 8.O-O Be7
9.a4 O-O 10.Nb3 d6 11.f4 Nd7 12.g4 Re8 13.g5 Bf8 14.Qh5 g6 15.Qh4 Nb4 16.Qf2 Nb6
17.a5 Nd7 18.Be3 Bg7 19.Rfd1 Rb8 20.Ra4 Nc6 21.Raa1 b5 22.axb6 Nxb6 23.Bxb6 Rxb6
24.Rxd6 Rxb3 25.Rxc6 Qxc6 26.cxb3 Bxc3 27.Rc1 Qb5 28.Rxc3 Bb7 29.h3 Rd8 30.Qc5 Rd1+
31.Kh2 Qxc5 32.Rxc5 Rd2 33.Rc4 Rxb2 34.b4 Kf8 35.Kg3 Ke8 36.Rd4 e5 37.fxe5 Ke7
38.Bf3 Bc8 39.h4 Rb3 40.Kf4 Rb2 41.Bg4 Bxg4 42.Kxg4 Ke6 43.Kf4 Rf2+ 44.Kg3 Rb2
45.Rd6+ Kxe5 46.Rxa6 Rb3+ 47.Kg4 Rxb4 48.Rf6 h5+ 49.Kg3 Rb3+ 50.Kg2 Rb7 51.Kf3 Ra7
52.Ke3 Ra3+ 53.Kf2 Rh3 54.Rxf7 Rxh4 55.Rg7 Rf4+ 56.Ke3 Rxe4+ 57.Kf3 Rf4+
58.Ke3 Re4+ 59.Kf3  1/2-1/2

[Event "3rd Open"]
[Site "Backa Palanka YUG"]
[Date "2002.05.09"]
[Round "8"]
[White "Markovic,Zo"]
[Black "Arsovic,Z"]
[Result "1/2-1/2"]
[WhiteElo "2186"]
[BlackElo "2416"]

1.e4 c5 2.Nf3 e6 3.d4 cxd4 4.Nxd4 Nc6 5.Nc3 Qc7 6.Be2 a6 7.O-O Nf6 8.Kh1 Be7
9.f4 d6 10.Be3 O-O 11.Qe1 Nxd4 12.Bxd4 b5 13.a3 Bb7 14.Qg3 Bc6 15.Rae1 Rae8
16.Bf3 Rd8 17.Re2 Ba8 18.Rfe1 Rd7 19.e5 dxe5 20.Bxe5 Qa7 21.f5 exf5 22.Bxa8 Qxa8
23.Qg5 Qd8 24.Qxf5  1/2-1/2

[Event "Dutch Team Playoffs"]
[Site "Enschede NED"]
[Date "2002.05.09"]
[Round "1"]
[White "Bolwerk,P"]
[Black "Polgar,S"]
[Result "0-1"]
[WhiteElo "2137"]
[BlackElo "2464"]

1.e4 c5 2.Nf3 e6 3.d4 cxd4 4.Nxd4 Nc6 5.Nc3 Qc7 6.Be2 a6 7.O-O Nf6 8.Be3 d6
9.a4 Bd7 10.Nb3 Ne5 11.Nd2 Bc6 12.f4 Ned7 13.Bf3 b6 14.g4 h6 15.Qe2 Be7 16.Rae1 Bb7
17.Nb3 O-O-O 18.Nd4 g5 19.a5 gxf4 20.Ndb5 axb5 21.Nxb5 Qb8 22.axb6 Rdg8 23.Qc4+ Kd8
24.Bxf4 Nxg4 25.Kh1 Nge5 26.Qc3 Qc8 27.Bxe5 Nxe5 28.Nc7 Rg5 29.Rd1 Rhg8 30.h4 Rg3
31.Kh2 Qd7 32.Rd2 Bxh4 33.Qb4 Rxf3 34.Rxf3 Nxf3+  0-1

[Event "52nd ch-RUS w"]
[Site "Elista RUS"]
[Date "2002.05.10"]
[Round "1"]
[White "Semenova,I"]
[Black "Stepovaia Dianchenko,T"]
[Result "1/2-1/2"]
[WhiteElo "2284"]
[BlackElo "2428"]

1.e4 c5 2.Nf3 Nc6 3.d4 cxd4 4.Nxd4 e6 5.Nc3 Qc7 6.Be3 a6 7.Bd3 b5 8.O-O Bb7
9.Kh1 Nf6 10.Qe2 Ne5 11.f4 Neg4 12.Bg1 h5 13.e5 Nd5 14.Nxd5 Bxd5 15.a4 bxa4
16.Rxa4 Bc5 17.c3 Bxd4 18.Bxd4 a5 19.Rfa1 O-O 20.h3 Nh6 21.Qxh5 Bc6 22.R4a3 Qb7
23.Qe2 a4 24.Kh2 Nf5 25.Bxf5 exf5 26.c4 Rfe8 27.Rg3 Re6 28.Qh5 Qb4 29.Qxf5 Qxc4
30.Bc3 Be4 31.Qh5 Rg6 32.Rxg6 fxg6 33.Qd1 Bc6 34.Qd4 Qxd4 35.Bxd4 Ra5 36.Kg3 Rd5
37.Rd1 Rb5 38.Rd3 Rb3 39.Rxb3 axb3 40.Kf2 Be4  1/2-1/2

[Event "Dutch Team Playoffs"]
[Site "Enschede NED"]
[Date "2002.05.10"]
[Round "2"]
[White "Van den Doel,E"]
[Black "Ljubojevic,L"]
[Result "1/2-1/2"]
[WhiteElo "2583"]
[BlackElo "2548"]

1.e4 c5 2.Nf3 e6 3.d4 cxd4 4.Nxd4 Nc6 5.Nc3 Qc7 6.Be2 a6 7.O-O Nf6 8.Be3 Bb4
9.Na4 Be7 10.Nxc6 bxc6 11.Nb6 Rb8 12.Nxc8 Qxc8 13.Bd4 O-O 14.Qd3 Qc7 15.e5 Nd5
16.Qg3 c5 17.c4 Nf4 18.Qxf4 cxd4 19.Qxd4 Bc5 20.Qc3 Qb6 21.Rab1 Bd4 22.Qd2 a5
23.Bf3 Bxe5 24.Qxd7 Rfd8 25.Qe7 Bd6 26.Qg5 Bc5 27.a3 Rd4 28.Qc1 Rbd8 29.Kh1 Rd2
30.Rd1 Rxd1+ 31.Bxd1 Bxf2 32.b4 Qd4 33.Bf3 Qh4 34.c5 g5 35.c6 g4 36.Be2 Bg3
37.Qg1 Rd2 38.Bxg4 Qxg4 39.hxg3 Qh5+ 40.Qh2 Rd1+ 41.Rxd1 Qxd1+ 42.Qg1 Qh5+  1/2-1/2

[Event "52nd ch-RUS w"]
[Site "Elista RUS"]
[Date "2002.05.11"]
[Round "2"]
[White "Kosintseva,T"]
[Black "Vasilevich,I"]
[Result "1-0"]
[WhiteElo "2373"]
[BlackElo "2208"]

1.e4 c5 2.Nf3 e6 3.d4 cxd4 4.Nxd4 Nc6 5.Nc3 Qc7 6.Be3 a6 7.Bd3 Nf6 8.O-O Be7
9.f4 d6 10.Qf3 O-O 11.Qg3 Nd7 12.Rad1 Re8 13.e5 dxe5 14.Nxc6 bxc6 15.fxe5 Qxe5
16.Bf4 Qh5 17.Be4 Nf6 18.Be5 Ng4 19.Bxc6 Nxe5 20.Bxa8 Nc4 21.Kh1 Bc5 22.Ne4 Be7
23.b3 Ne5 24.Qf4 Ng4 25.h3 e5 26.Qf3 Be6 27.Bd5  1-0

[Event "52nd ch-RUS w"]
[Site "Elista RUS"]
[Date "2002.05.13"]
[Round "4"]
[White "Kryukova,I"]
[Black "Vasilevich,I"]
[Result "0-1"]
[WhiteElo "2304"]
[BlackElo "2208"]

1.e4 c5 2.Nf3 e6 3.d4 cxd4 4.Nxd4 Nc6 5.Nc3 Qc7 6.Be3 a6 7.Bd3 Nf6 8.O-O Be7
9.f4 d6 10.Qf3 O-O 11.Qg3 Nd7 12.Rae1 Bf6 13.e5 dxe5 14.Nxc6 exf4 15.Rxf4 bxc6
16.Ref1 Be5 17.Qh3 f5 18.Bc4 Bxf4 19.Bxe6+ Kh8 20.Rxf4 Nf6 21.Bxf5 Bxf5 22.Rxf5 Rae8
23.Qf3 Nd7 24.Bd4 Qd6 25.Rxf8+ Rxf8 26.Qd3 Ne5 27.Qe4 Ng6 28.h3 Rd8 29.Ne2 c5
30.Bc3 Qc7 31.g3 Qf7 32.h4 Re8 33.Qg2 Qe6 34.Kf1 Rf8+ 35.Ke1 Ne5 36.Kd1 Nf3
37.Nf4 Qe3  0-1

[Event "Capablanca Mem Elite"]
[Site "Havana CUB"]
[Date "2002.05.15"]
[Round "8"]
[White "Zapata,A"]
[Black "Bruzon,L"]
[Result "1/2-1/2"]
[WhiteElo "2541"]
[BlackElo "2569"]

1.e4 c5 2.Nf3 e6 3.d4 cxd4 4.Nxd4 Nc6 5.Nc3 Qc7 6.Be2 Nf6 7.O-O a6 8.a4 Be7
9.Kh1 O-O 10.f4 d6 11.Be3 Re8 12.Bf3 Bf8 13.Qd2 Na5 14.Qf2 Nc4 15.Bc1 e5
16.Nde2 d5 17.fxe5 Nxe5 18.Bf4 dxe4 19.Nxe4 Qxc2 20.Nxf6+ gxf6 21.Qg3+ Qg6
22.Be4 Qxg3 23.Nxg3 Ng6 24.Bd2 f5 25.Bxf5 Bg7 26.Rab1 Be6 27.Bc3 Re7 28.Bxe6 fxe6
29.Bxg7 Kxg7 30.Rbe1 Rf8 31.Rxf8 Kxf8 32.Ne4 e5 33.g3 Rc7 34.Re2 Ke7 35.Kg2 Rc4
36.b3 Rb4 37.Re3 Nf8 38.Nd2 Nd7 39.Nc4 Ke6 40.Kf3 b5 41.axb5 Rxb5 42.Ke2 Nb6
43.Nd2 Nd5 44.Rf3 Nf6 45.Rc3 Rb6 46.Rc7 h5 47.Rc5 Nd5 48.Ra5 Nc3+ 49.Kd3 Nd1
50.Ke2 Nc3+ 51.Kf2 Nb5 52.Nc4 Rc6 53.Ke3 Kd5 54.Ra2 Re6 55.Nd2 e4 56.Ra4 Nd6
57.Ra5+ Nb5 58.Ra4 Nd6 59.Ra5+ Nb5 60.Ra4 Nd6  1/2-1/2

[Event "Tanta Open"]
[Site "Tanta City EGY"]
[Date "2002.05.16"]
[Round "4"]
[White "Hassan,Say"]
[Black "Elkadi,A"]
[Result "1/2-1/2"]
[WhiteElo "2355"]
[BlackElo "2142"]

1.e4 c5 2.Nc3 e6 3.Nf3 Nc6 4.d4 cxd4 5.Nxd4 d6 6.Be3 Nf6 7.Be2 Be7 8.O-O O-O
9.f4 a6 10.a4 Qc7 11.Nb3 b6 12.Bf3 Rb8 13.g4 Re8 14.g5 Nd7 15.Bg2 Bf8 16.Qh5 g6
17.Qh4 Bg7 18.Rf3 Nb4 19.Rc1 Bb7 20.Rh3 Nf8 21.f5 exf5 22.exf5 Bxg2 23.Kxg2 Qc6+
24.Kf2 Nd5 25.Nxd5 Qxd5 26.f6 Bh8 27.Qd4 Qe6 28.Rg3 Rec8 29.Qd3 Nd7 30.Nd4 Qe5
31.Nf3 Qxb2 32.Qxd6 Nc5 33.Qd4 Qa2 34.Kg1 Ne6 35.Qa1 Qd5  1/2-1/2

[Event "9th RUS-chT"]
[Site "Ekaterinburg RUS"]
[Date "2002.05.17"]
[Round "1"]
[White "Lushnikov,A"]
[Black "Labunskiy,D"]
[Result "1-0"]
[WhiteElo "2294"]
[BlackElo "2440"]

1.e4 c5 2.Nf3 e6 3.d4 cxd4 4.Nxd4 Nc6 5.Nc3 Qc7 6.Ndb5 Qb8 7.Be3 Nf6 8.f4 d6
9.Bd3 Be7 10.O-O O-O 11.Qf3 Bd7 12.Rae1 a6 13.Nd4 Qc7 14.Qg3 Rac8 15.Kh1 b5
16.e5 dxe5 17.fxe5 Ne8 18.Nxc6 Bxc6 19.Ne4 Bxe4 20.Bxe4 Bc5 21.Bf4 Be7 22.Rf3 g6
23.Bh6 Ng7 24.Ref1 Qc4 25.Bd3 Qh4 26.Qxh4 Bxh4 27.a4 bxa4 28.Rf4 Bd8 29.Rxa4 a5
30.Bd2 Rc5 31.b4 Rxe5 32.bxa5 Nf5 33.Rb1 Be7 34.a6  1-0